45 rokov Slovenskej štatistickej a demografickej spoločnosti
Guardado en:
| Autor Corporativo: | |
|---|---|
| Otros Autores: | , |
| Formato: | Libro |
| Lenguaje: | eslovaco checo inglés |
| Publicado: |
Bratislava
Slovenská štatistická a demografická spoločnosť
2013
|
| Materias: | |
| Etiquetas: |
Sin Etiquetas, Sea el primero en etiquetar este registro!
|
MARC
| LEADER | 00000nam a2200000 4500 | ||
|---|---|---|---|
| 001 | 0178166 | ||
| 005 | 20230109114402.8 | ||
| 020 | |a 978-80-88946-61-8 | ||
| 041 | 0 | |a slo | |
| 041 | 0 | |a cze | |
| 041 | 0 | |a eng | |
| 044 | |a SK | ||
| 245 | 1 | 0 | |a 45 rokov Slovenskej štatistickej a demografickej spoločnosti |c zostavili: Jozef Chajdiak, Ján Luha |
| 264 | 1 | |a Bratislava |b Slovenská štatistická a demografická spoločnosť |c 2013 | |
| 300 | |a 113 s. | ||
| 610 | 2 | 0 | |a štatistika |
| 610 | 2 | 0 | |a demografia |
| 610 | 2 | 0 | |a vývoj spoločenský |
| 610 | 2 | 0 | |a vývoj hospodársky |
| 610 | 2 | 0 | |a regióny |
| 610 | 2 | 0 | |a prognózy |
| 610 | 2 | 0 | |a metódy štatistické |
| 610 | 2 | 0 | |a univerzity |
| 610 | 2 | 0 | |a programy študijné |
| 610 | 2 | 0 | |a Slovensko |
| 610 | 2 | 0 | |a Česko |
| 700 | 1 | |a Chajdiak, Jozef | |
| 700 | 1 | |a Luha, Ján | |
| 110 | 2 | |a 45 rokov Slovenskej štatistickej a demografickej spoločnosti. Konferencia | |